| 000 | 01210nam a22002657a 4500 | ||
|---|---|---|---|
| 005 | 20170124103215.0 | ||
| 010 | _a622717 | ||
| 020 | _c35.00 | ||
| 035 | _a622717 | ||
| 037 | _bCen Lib/Ret | ||
| 040 |
_aDPL _bHN |
||
| 082 |
_a821.08 _bपराश |
||
| 100 |
_aपराशर, इन्दुप्रभा _99690 |
||
| 245 |
_aप्रसाद-साहित्य में मनोभावों के स्वरुप / _cइन्दुप्रभा पराशर |
||
| 246 |
_aPrasad-sahitye me manobhavon ke swaroop / _bby Induprabha Parashar |
||
| 260 |
_aलखनऊ _bअध्यक्ष नंदन प्रकाशन _c1970 |
||
| 270 |
_aरानीकटरा _bलखनऊ |
||
| 300 |
_a495पृ. _c22सेमी(सजिल्द) |
||
| 500 | _aअनुक्रमाणिका शामिल | ||
| 650 |
_aहिन्दी -- साहित्य _998161 |
||
| 650 |
_aहिन्दी -- बालकों और किशोरों के मनोभाव _998162 |
||
| 650 |
_aHindi literature _998163 |
||
| 650 |
_aHindi - children and adolescents attitude _998164 |
||
| 942 |
_2ddc _cHN _h821.08 _mपराश |
||
| 999 |
_c121453 _d121453 |
||